000 00751nam a2200229Ia 4500
001 5299
003 GE_BSU
008 181216s||||||||xx |||||||||||||| ||und||
040 _cGE_BSU
080 _a517.91
100 _aГолубев В.В.
245 _aЛекции по аналитической теории дифференциальных уравнений.
245 _bУчеб пособие для гос ун-та
250 _aИзд. 2-е.
260 _aМ.Л.
260 _bГостехиздат
260 _c1950
300 _a436с 22см
300 _eБиблиогр. с. 429
653 _aЛекции по аналитической теории дифференциальных уравнений.
942 _cBK
999 _c38886
_d38886